La pedagogía como ciencia: teoría reflexiva de la acción y reforma de la praxis

Guardat en:
Dades bibliogràfiques
Autor principal: Benner, Dietrich (Autor)
Format: Llibre
Idioma:espanyol
Publicat: Barcelona Pomares 1998
Col·lecció:Colección Educación y Conocimiento
Matèries:
Etiquetes: Afegir etiqueta
Sense etiquetes, Sigues el primer a etiquetar aquest registre!

MARC

LEADER 00000nam a2200000 a 4500
001 UCO7022
003 CL-VaPUC
008 001103e19980000SP |||||||||||||||||spa|d
082 0 4 |a 370.1  |b BEN  |2 21 
100 0 |a Benner, Dietrich  |e author  |9 451660 
245 1 3 |a La pedagogía como ciencia: teoría reflexiva de la acción y reforma de la praxis 
300 |a 256 p 
942 |c BK 
945 |d 20001103 00:00:00  |a vberengu 
260 |a Barcelona  |b Pomares  |c 1998 
650 7 |a EDUCACION SIGLO 20  |2 CL-VaPUC  |9 326897 
650 0 |a Filosofía de la educación   |9 258384 
650 7 |a REFORMA DE LA EDUCACION  |2 CL-VaPUC  |9 333471 
650 0 |a Teoría de la educación   |9 309368 
651 0 |a Alemania  |9 255688 
583 |a last modification  |c 20001103 00:00:00  |k Rodrigo Vera 
490 0 |a Colección Educación y Conocimiento 
999 |c 292246  |d 292244 
952 |0 0  |1 0  |4 0  |6 370_100000000000000_BEN_1998  |7 0  |8 A  |9 342973  |a BIBEDU  |b BIBEDU  |d 2019-11-20  |i 366127K  |o 370.1 BEN 1998  |p 366127K  |r 2019-11-20  |w 2019-11-20  |y BK  |k BME